000 00745mam a2200241 a 4500
008
020 _a0137378424 (pbk.)
049 _aMAIN
090 _aQA76.9.D3
_bKRO
100 1 _aKroenke, David.
245 1 0 _aDatabase processing :
_bfundamentals, design, and implementation /
_cDavid M. Kroenke.
250 _a6th ed.
260 _aUpper Saddle River, N.J. :
_bPrentice Hall,
_cc1998.
300 _axvi, 521 p. :
_bcol. ill. ;
_c29 cm.
504 _aIncludes bibliographical references.
500 _aIncludes index.
650 0 _aDatabase management.
907 _a.b10294338
_b20-07-11
_c06-04-11
003
005 20230123125240.0
040 _cNUST
942 _cBOOKS
_kQA76.9.D3
_mKRO
999 _c138288
_d138288